[Event "XXVI Festival A"]
[Site "Arco ITA"]
[Date "2014.10.04"]
[Round "1"]
[White "Medancic, Rikard"]
[Black "Schneider, Johannes"]
[WhiteElo "2202"]
[BlackElo "1854"]
[Result "1-0"]
[PlyCount "95"]
[EventDate "2014.10.04"]

1. Nf3 d5 2. c4 e6 3. g3 Nf6 4. Bg2 Bd6 5. O-O O-O 6. Qc2 c5 7. d4 Nc6 8. dxc5
Nb4 9. Qc3 Bxc5 10. a3 Ne4 11. Qb3 dxc4 12. Qxc4 Qd5 13. Qxd5 Nxd5 14. Nbd2
Nxd2 15. Bxd2 Bd7 16. Rac1 Rac8 17. Rfe1 f6 18. e4 Ne7 19. Bh3 Rfd8 20. Red1
Kf7 21. Ba5 b6 22. Bc3 Bb5 23. Bf1 Rxd1 24. Rxd1 Bxf1 25. Kxf1 Bxa3 26. Ra1 Bd6
27. Rxa7 Rc4 28. Nd2 Rc7 29. Rxc7 Bxc7 30. Ke2 Nc6 31. Kd3 b5 32. Nb3 e5 33.
Bd2 g5 34. h3 Ke7 35. Be3 Na5 36. Nxa5 Bxa5 37. Bc5+ Kd7 38. Ke3 h5 39. g4 hxg4
40. hxg4 Bd8 41. Kd3 Kc6 42. Bf8 Kb6 43. Kc3 Kb7 44. Kb4 Kc6 45. Bc5 Ba5+ 46.
Kxa5 Kxc5 47. b4+ Kc4 48. f3 1-0

[Event "XXVI Festival A"]
[Site "Arco ITA"]
[Date "2014.10.04"]
[Round "1"]
[White "Menon, Michele"]
[Black "Gousseinov, Aguif"]
[WhiteElo "1703"]
[BlackElo "1985"]
[Result "0-1"]
[PlyCount "110"]
[EventDate "2014.10.04"]

1. Nf3 Nf6 2. c4 e6 3. g3 d5 4. Bg2 Nbd7 5. O-O c6 6. b3 Bd6 7. Bb2 O-O 8. d3
Qe7 9. Nbd2 Rd8 10. Qc2 e5 11. Rfe1 Nf8 12. a3 Bd7 13. b4 b6 14. Rac1 Rab8 15.
cxd5 cxd5 16. e4 d4 17. Nc4 Rbc8 18. Qd2 Bb5 19. Nxd6 Qxd6 20. Bh3 Ne6 21. Bf1
Nd7 22. Rxc8 Rxc8 23. Rc1 Rc6 24. Qd1 f6 25. Qb3 Rxc1 26. Bxc1 Qc6 27. Bd2 Kf8
28. h4 g6 29. Be2 Ba4 30. Qa2 Ke7 31. h5 g5 32. Ne1 h6 33. Bg4 Nb8 34. b5 Bxb5
35. Bb4+ Kf7 36. Bf5 Nd7 37. Bg6+ Kg7 38. Bf5 Ndc5 39. Kh2 a5 40. Bxc5 Nxc5 41.
Bg6 Qe6 42. Qd2 Qb3 43. Qe2 Bd7 44. f4 Qe6 45. Bf5 Qd6 46. fxe5 fxe5 47. Bg6
Ne6 48. Qb2 b5 49. Qb3 Nf8 50. Nf3 Nxg6 51. hxg6 Qxg6 52. Qd5 Qe6 53. Qxe6 Bxe6
54. Nxe5 b4 55. axb4 axb4 0-1

[Event "XXVI Festival A"]
[Site "Arco ITA"]
[Date "2014.10.04"]
[Round "1"]
[White "Milano, Maria"]
[Black "Badano, Giancarlo"]
[WhiteElo "1614"]
[BlackElo "1936"]
[Result "0-1"]
[PlyCount "86"]
[EventDate "2014.10.04"]

1. d4 d5 2. c4 e6 3. Nf3 Nf6 4. g3 Be7 5. Bg2 O-O 6. Qc2 Nbd7 7. O-O b6 8. Nbd2
Bb7 9. Ne5 Nxe5 10. dxe5 Nd7 11. cxd5 Bxd5 12. e4 Bb7 13. Nf3 Nc5 14. Re1 Qd3
15. Qxd3 Nxd3 16. Re2 Ba6 17. Rc2 Bc5 18. Bg5 h6 19. Bf4 g5 20. Be3 Bxe3 21.
fxe3 c5 22. Bf1 g4 23. Nh4 Rfd8 24. Rd2 c4 25. Rad1 Rd7 26. Ng2 Rad8 27. Nf4
Nxe5 28. Rxd7 Rxd7 29. Rxd7 Nxd7 30. Nh5 Ne5 31. Be2 c3 32. Nf6+ Kh8 33. bxc3
Bxe2 34. Kf2 Bb5 35. Nh5 Kh7 36. Nf4 Nd3+ 37. Nxd3 Bxd3 38. e5 Kg6 39. Ke1 Kf5
40. Kd2 Bc4 41. a3 Kxe5 42. Kc2 Ke4 43. Kd2 b5 0-1

[Event "XXVI Festival A"]
[Site "Arco ITA"]
[Date "2014.10.04"]
[Round "1"]
[White "Mombelli, Antonio"]
[Black "Perman, Sergey"]
[WhiteElo "1832"]
[BlackElo "2150"]
[Result "0-1"]
[PlyCount "42"]
[EventDate "2014.10.04"]

1. e4 c5 2. c3 d5 3. exd5 Qxd5 4. d4 Nc6 5. Nf3 Bg4 6. Be2 cxd4 7. cxd4 e6 8.
Nc3 Qa5 9. Be3 Nf6 10. Qb3 Qb4 11. Qxb4 Bxb4 12. O-O O-O 13. a3 Bxc3 14. bxc3
Na5 15. Rab1 b6 16. h3 Bxf3 17. gxf3 Rac8 18. Rfc1 Nc4 19. Rb4 Nxe3 20. fxe3
Nd5 21. Ra4 Nxc3 0-1

[Event "XXVI Festival A"]
[Site "Arco ITA"]
[Date "2014.10.04"]
[Round "1"]
[White "Moro, Roberto"]
[Black "Cardili, Mariano"]
[WhiteElo "1748"]
[BlackElo "2097"]
[Result "0-1"]
[PlyCount "64"]
[EventDate "2014.10.04"]

1. e4 c6 2. d4 d5 3. e5 Bf5 4. Nc3 Qb6 5. g4 Bd7 6. Bg2 h5 7. g5 Bf5 8. Bh3
Bxh3 9. Nxh3 e6 10. Nf4 g6 11. Qd3 Ne7 12. Be3 Nf5 13. O-O-O Nd7 14. Kb1 Be7
15. h4 Rc8 16. Na4 Qa5 17. Nc5 Bxc5 18. dxc5 Nxc5 19. Bxc5 Qxc5 20. Rh3 b5 21.
Qd2 Kf8 22. Ra3 Kg7 23. Nd3 Qb6 24. Qb4 c5 25. Qf4 a5 26. b3 c4 27. Nb2 Rc7 28.
bxc4 bxc4 29. Ka1 Rb8 30. Na4 Qb4 31. Qc1 Rcb7 32. c3 Qe7 0-1

[Event "XXVI Festival A"]
[Site "Arco ITA"]
[Date "2014.10.04"]
[Round "1"]
[White "Morselli, Stefano"]
[Black "Al Muneer, Muhammad"]
[WhiteElo "1904"]
[BlackElo "1451"]
[Result "1-0"]
[PlyCount "49"]
[EventDate "2014.10.04"]

1. Nf3 e6 2. g3 Nc6 3. Bg2 Nf6 4. O-O Be7 5. c4 b6 6. d4 Bb7 7. Nc3 O-O 8. e4
d6 9. e5 dxe5 10. dxe5 Qxd1 11. Rxd1 Ne8 12. Nd4 Nxd4 13. Bxb7 Nc2 14. Bxa8
Nxa1 15. Be4 f6 16. Be3 fxe5 17. Rxa1 Nf6 18. Bf3 Nd7 19. Kg2 Nc5 20. Rd1 a5
21. Nb5 e4 22. Be2 Na4 23. b3 Nb2 24. Rd2 Bf6 25. Nxc7 1-0

[Event "XXVI Festival A"]
[Site "Arco ITA"]
[Date "2014.10.04"]
[Round "1"]
[White "Mulone, Gaspare"]
[Black "Modena, Giorgio"]
[WhiteElo "1554"]
[BlackElo "1920"]
[Result "0-1"]
[PlyCount "84"]
[EventDate "2014.10.04"]

1. e4 e6 2. d4 d5 3. e5 c5 4. c3 Nc6 5. Nf3 Bd7 6. Be3 Qb6 7. Qd2 Rc8 8. Bd3
cxd4 9. cxd4 Nb4 10. Nc3 Nxd3+ 11. Qxd3 Qxb2 12. Rc1 Bb4 13. Bd2 Bxc3 14. Rxc3
Rxc3 15. Qxc3 Qb1+ 16. Qc1 Qxc1+ 17. Bxc1 Bb5 18. Kd2 Bc4 19. a3 Ne7 20. Bb2 h6
21. Rc1 Kd7 22. Bc3 Nc6 23. Ne1 a5 24. Rb1 Kc7 25. a4 b6 26. Rb2 f6 27. f4 fxe5
28. fxe5 Rf8 29. Ke3 Rf1 30. Nf3 Ra1 31. Kf4 Rxa4 32. g4 Ra2 33. h4 Rxb2 34.
Bxb2 Be2 35. g5 Bxf3 36. Kxf3 hxg5 37. hxg5 g6 38. Ke3 b5 39. Kd3 b4 40. Ba1
Kb6 41. Kc2 Kb5 42. Kd3 a4 0-1

[Event "XXVI Festival A"]
[Site "Arco ITA"]
[Date "2014.10.04"]
[Round "1"]
[White "Naumkin, Igor"]
[Black "Wagner, Frank"]
[WhiteElo "2442"]
[BlackElo "1898"]
[Result "1-0"]
[PlyCount "33"]
[EventDate "2014.10.04"]

1. d4 Nf6 2. c4 c6 3. Nc3 d6 4. e4 e6 5. Nf3 Be7 6. Be2 O-O 7. O-O Nbd7 8. Qc2
e5 9. h3 h6 10. Be3 Nh7 11. Rad1 Qc7 12. Qc1 exd4 13. Nxd4 Bg5 14. Nf5 Nc5 15.
Nxd6 Bxe3 16. Qxe3 Nd7 17. e5 1-0

[Event "XXVI Festival A"]
[Site "Arco ITA"]
[Date "2014.10.04"]
[Round "1"]
[White "Occari, Maurizio"]
[Black "Galas, Franco"]
[WhiteElo "2036"]
[BlackElo "1719"]
[Result "1-0"]
[PlyCount "55"]
[EventDate "2014.10.04"]

1. e4 d6 2. d4 e6 3. f4 Ne7 4. Nf3 g6 5. Be3 Bg7 6. Bd3 Nd7 7. f5 e5 8. c3 c6
9. Nbd2 d5 10. dxe5 Nxe5 11. Nxe5 Bxe5 12. Nf3 Bg7 13. fxg6 hxg6 14. Qc2 dxe4
15. Bxe4 Bf5 16. Bd4 Bxd4 17. Nxd4 Bxe4 18. Qxe4 Qd5 19. Qe2 Rh5 20. O-O-O Qg5+
21. Kb1 O-O-O 22. Rhf1 Rh7 23. Nf3 Rxd1+ 24. Rxd1 Qf5+ 25. Ka1 Nd5 26. c4 Nb4
27. Qe8+ Kc7 28. Qd8# 1-0

[Event "XXVI Festival A"]
[Site "Arco ITA"]
[Date "2014.10.04"]
[Round "1"]
[White "Ottaviani, Gianluca"]
[Black "Hussain, Hashem"]
[WhiteElo "1982"]
[BlackElo "1699"]
[Result "1/2-1/2"]
[PlyCount "27"]
[EventDate "2014.10.04"]

1. Nf3 g6 2. c4 Bg7 3. g3 Nf6 4. Nc3 O-O 5. Bg2 d6 6. O-O e5 7. d3 Nbd7 8. Rb1
c6 9. b4 d5 10. Qb3 d4 11. Na4 Re8 12. Nd2 a5 13. b5 c5 14. Ba3 1/2-1/2

[Event "XXVI Festival A"]
[Site "Arco ITA"]
[Date "2014.10.04"]
[Round "1"]
[White "Paleologu, Vladimir"]
[Black "Bisignano, Giuseppe"]
[WhiteElo "2170"]
[BlackElo "1837"]
[Result "1/2-1/2"]
[PlyCount "163"]
[EventDate "2014.10.04"]

1. e4 e5 2. Nf3 Nc6 3. Bc4 Bc5 4. Qe2 d6 5. c3 Nf6 6. d3 O-O 7. h3 Be6 8. Nbd2
a6 9. Bb3 Qd7 10. Nf1 Ne7 11. Bg5 Ne8 12. g4 f6 13. Bd2 Bxb3 14. axb3 d5 15.
Ng3 Rd8 16. Rg1 dxe4 17. dxe4 Qd3 18. Qxd3 Rxd3 19. Ke2 Rd7 20. b4 Bb6 21. c4
c6 22. c5 Bc7 23. Be3 Rf7 24. Nd2 Ng6 25. Nf5 Nf4+ 26. Bxf4 exf4 27. Nc4 Kf8
28. Rad1 g6 29. Nd4 Ng7 30. Rd2 g5 31. Rgd1 Ke8 32. h4 h6 33. Rh1 Rfe7 34. Kf3
Be5 35. Nb3 Ne6 36. Nd6+ Kf8 37. Ke2 h5 38. f3 hxg4 39. fxg4 gxh4 40. Rxh4 Rh7
41. Rxh7 Rxh7 42. Kd3 b6 43. Nc4 bxc5 44. Nxc5 Nd4 45. Rf2 Rh3+ 46. Kd2 Nb3+
47. Kc2 Nxc5 48. bxc5 Rg3 49. Na5 Rxg4 50. Nxc6 Ke8 51. Kd3 Kd7 52. Nb4 a5 53.
Nd5 Kc6 54. Kc4 Rg1 55. Nxf4 Rg4 56. Nd3 Rxe4+ 57. Kb3 a4+ 58. Ka3 Re3 59. Rd2
Kb5 60. b3 Bc3 61. bxa4+ Ka5 62. Rd1 Bb4+ 63. Kb2 Kxa4 64. c6 Re2+ 65. Kb1 Re7
66. Nf4 Rc7 67. Rc1 Kb5 68. Ne6 Rc8 69. Ka2 Bd6 70. Nd4+ Kb6 71. Rb1+ Kc5 72.
Rd1 Be5 73. Nb3+ Kxc6 74. Rc1+ Kd7 75. Rxc8 Kxc8 76. Kb1 Kd7 77. Kc2 Kc6 78.
Kd3 Kd5 79. Ke3 f5 80. Nd2 Bc7 81. Kf3 Kd4 82. Nf1 1/2-1/2

[Event "XXVI Festival A"]
[Site "Arco ITA"]
[Date "2014.10.04"]
[Round "1"]
[White "Perman, Denis"]
[Black "Krauss, Josef"]
[WhiteElo "1835"]
[BlackElo "2158"]
[Result "0-1"]
[PlyCount "64"]
[EventDate "2014.10.04"]

1. e4 d6 2. d4 Nf6 3. Nc3 g6 4. f4 Bg7 5. Nf3 O-O 6. Be2 c5 7. O-O cxd4 8. Nxd4
Nc6 9. Nxc6 bxc6 10. Bf3 Qb6+ 11. Kh1 Ba6 12. Re1 Rfd8 13. Rb1 Rab8 14. Be3 Qc7
15. Ne2 Nd7 16. b3 c5 17. c4 Bb7 18. Qc2 Bc6 19. Rbd1 Qb7 20. Bc1 Nb6 21. Nc3
a5 22. Nd5 a4 23. Bd2 axb3 24. axb3 e6 25. Nc3 Na8 26. Rb1 Nc7 27. Be3 Na6 28.
Red1 f5 29. Nb5 fxe4 30. Bg4 Qe7 31. Nc3 Nb4 32. Qd2 d5 0-1

[Event "XXVI Festival A"]
[Site "Arco ITA"]
[Date "2014.10.04"]
[Round "1"]
[White "Rahls, Peter"]
[Black "Niccoli, Paolo"]
[WhiteElo "2265"]
[BlackElo "1860"]
[Result "1-0"]
[PlyCount "83"]
[EventDate "2014.10.04"]

1. e4 c5 2. c3 d5 3. exd5 Qxd5 4. d4 Nf6 5. Nf3 Bg4 6. Nbd2 cxd4 7. Bc4 Qd6 8.
Qb3 Be6 9. Qxb7 Bxc4 10. Nxc4 Qc6 11. Qxc6+ Nxc6 12. Nxd4 Nxd4 13. cxd4 Rc8 14.
b3 g6 15. O-O Bg7 16. Re1 O-O 17. Ba3 Nd5 18. Bxe7 Nxe7 19. Rxe7 Bxd4 20. Rd1
Rfd8 21. Kf1 Bc5 22. Rxd8+ Rxd8 23. Rc7 Bb6 24. Rb7 Rd1+ 25. Ke2 Ra1 26. Nxb6
Rxa2+ 27. Ke3 axb6 28. Rxb6 Kg7 29. h4 h5 30. Rc6 Rb2 31. Rc3 Kf6 32. g3 Kf5
33. f4 Kg4 34. Kd4 f6 35. Kc5 g5 36. fxg5 fxg5 37. hxg5 Kxg5 38. b4 Kg4 39. b5
Rf2 40. b6 Rf5+ 41. Kc6 Rf6+ 42. Kb5 1-0

[Event "XXVI Festival A"]
[Site "Arco ITA"]
[Date "2014.10.04"]
[Round "1"]
[White "Reinert, Stephane"]
[Black "Sigillo, Carmelo"]
[WhiteElo "2059"]
[BlackElo "1737"]
[Result "1-0"]
[PlyCount "73"]
[EventDate "2014.10.04"]

1. d4 Nf6 2. Bg5 Ne4 3. Bf4 c5 4. f3 g5 5. Bc1 Qa5+ 6. c3 Nf6 7. Bxg5 cxd4 8.
Bxf6 exf6 9. Qxd4 Bg7 10. Nd2 Nc6 11. Qd6 Qe5 12. Nc4 Qe7 13. e4 b5 14. Qxe7+
Kxe7 15. Ne3 Rb8 16. Nf5+ Kf8 17. O-O-O b4 18. cxb4 Rxb4 19. Nh3 h5 20. a3 Rb6
21. Bc4 Ne5 22. Ba2 Bh6+ 23. Kb1 Ba6 24. Rd4 Kg8 25. f4 Nd3 26. Nxh6+ Rxh6 27.
b4 Rg6 28. g3 h4 29. Rxd7 Kh8 30. Bxf7 Rg7 31. Rd8+ Kh7 32. Bd5 Nc5 33. Kc2 Bb7
34. Rf8 hxg3 35. hxg3 f5 36. Ng5+ Kg6 37. exf5# 1-0

[Event "XXVI Festival A"]
[Site "Arco ITA"]
[Date "2014.10.04"]
[Round "1"]
[White "Rocchetti, Marco"]
[Black "De Eccher, Stefano"]
[WhiteElo "1854"]
[BlackElo "2237"]
[Result "0-1"]
[PlyCount "128"]
[EventDate "2014.10.04"]

1. d4 d5 2. Nf3 Nf6 3. Bf4 c6 4. c3 Qb6 5. Qb3 Bf5 6. Nbd2 Nbd7 7. e3 g6 8. h3
h6 9. Be2 Bg7 10. O-O O-O 11. Bh2 Ne4 12. g4 Nxd2 13. Nxd2 Be6 14. f4 f5 15.
Qc2 c5 16. Qb3 Qc6 17. Bb5 Qc7 18. Be2 Qc8 19. gxf5 c4 20. Qd1 Bxf5 21. Bg4 Nf6
22. Bxf5 Qxf5 23. Rf3 Ne4 24. Nxe4 dxe4 25. Rg3 Bf6 26. Qg4 Kh7 27. Kh1 h5 28.
Qxf5 gxf5 29. Rag1 b5 30. Rc1 a5 31. Rg2 Rfc8 32. a3 Rab8 33. Ra1 Rg8 34. Rag1
Rxg2 35. Rxg2 e6 36. Bg3 b4 37. axb4 axb4 38. cxb4 Rxb4 39. Be1 Ra4 40. Re2 Kg6
41. Kg2 Kf7 42. Bc3 Bh4 43. Rc2 Ke7 44. Rc1 Kd6 45. Kf1 Ra8 46. Rc2 Kd5 47. Rg2
Ra1+ 48. Ke2 Rh1 49. Rg8 Rxh3 50. Rc8 Rh2+ 51. Kf1 Rf2+ 52. Kg1 Rf3 53. Rc5+
Kd6 54. Rxc4 Bf2+ 55. Kg2 Bxe3 56. Rc8 h4 57. Rh8 h3+ 58. Rxh3 Rxh3 59. Kxh3
Bxf4 60. Kg2 Be3 61. Kf1 Kd5 62. b3 Bxd4 63. Ba5 e3 64. Ke2 Ke4 0-1

[Event "XXVI Festival A"]
[Site "Arco ITA"]
[Date "2014.10.04"]
[Round "1"]
[White "Roessner, Uwe"]
[Black "Guido, Flavio"]
[WhiteElo "1866"]
[BlackElo "2356"]
[Result "0-1"]
[PlyCount "51"]
[EventDate "2014.10.04"]

1. c4 Nf6 2. g3 g6 3. Bg2 d5 4. cxd5 Nxd5 5. Nc3 Nxc3 6. bxc3 Bg7 7. Nf3 O-O 8.
O-O c5 9. Qc2 Qa5 10. Rb1 Nc6 11. a4 b6 12. Ba3 Bd7 13. Rb5 Qa6 14. Rfb1 Na5
15. Ne5 Bxe5 16. Bxa8 Rxa8 17. Qe4 Nc6 18. a5 Rc8 19. d4 Bf5 20. Qd5 Bxb1 21.
Rxb1 Bd6 22. dxc5 bxc5 23. Bc1 Qxe2 24. Bh6 Qh5 25. Qd2 Nxa5 26. Ra1 0-1

[Event "XXVI Festival A"]
[Site "Arco ITA"]
[Date "2014.10.04"]
[Round "1"]
[White "Schaefer, Michael"]
[Black "Del Nevo, Claudio"]
[WhiteElo "2155"]
[BlackElo "1832"]
[Result "1-0"]
[PlyCount "79"]
[EventDate "2014.10.04"]

1. d4 d6 2. c4 Nf6 3. Nc3 c6 4. Nf3 g6 5. h3 Bg7 6. Bf4 b6 7. e3 Na6 8. Be2 O-O
9. O-O Bb7 10. Rb1 Nc7 11. b4 d5 12. Be5 Ne4 13. Qc2 Nxc3 14. Qxc3 Bxe5 15.
Nxe5 f6 16. Nf3 e6 17. Rfc1 Rc8 18. Qa3 a6 19. Qb3 Qe7 20. Qb2 Rfe8 21. Bd3 b5
22. cxb5 Nxb5 23. e4 e5 24. Re1 Nxd4 25. Nxd4 exd4 26. Qxd4 Qe5 27. Qb6 Qc7 28.
Qc5 Kg7 29. Re3 Qd7 30. Rbe1 d4 31. R3e2 Re5 32. Qa7 Ra8 33. Qb6 g5 34. Rd1 Rd8
35. Red2 Qc8 36. Rc2 g4 37. hxg4 Re7 38. f3 Qa8 39. Rc5 Re5 40. Qc7+ 1-0

[Event "XXVI Festival A"]
[Site "Arco ITA"]
[Date "2014.10.04"]
[Round "1"]
[White "Sprotte, Norbert"]
[Black "Antoniacci, Riccardo"]
[WhiteElo "2186"]
[BlackElo "1844"]
[Result "1-0"]
[PlyCount "45"]
[EventDate "2014.10.04"]

1. d4 Nf6 2. Nf3 e6 3. e3 d5 4. Bd3 Be7 5. Nbd2 Nbd7 6. O-O c5 7. b3 O-O 8. Bb2
b6 9. Ne5 Bb7 10. f4 Ne4 11. Nxe4 dxe4 12. Bc4 Nf6 13. f5 Bd5 14. fxe6 fxe6 15.
Ba6 Qc7 16. c4 Bb7 17. Bxb7 Qxb7 18. Qe2 Rad8 19. Rf2 Nd7 20. Rxf8+ Rxf8 21.
Nxd7 Qxd7 22. Qg4 Qc6 23. d5 1-0

[Event "XXVI Festival A"]
[Site "Arco ITA"]
[Date "2014.10.04"]
[Round "1"]
[White "Taufer, Livio"]
[Black "Simeone, Giulio"]
[WhiteElo "1709"]
[BlackElo "1991"]
[Result "1/2-1/2"]
[PlyCount "49"]
[EventDate "2014.10.04"]

1. d4 g6 2. Nf3 Bg7 3. e3 Nf6 4. Nbd2 O-O 5. b3 c5 6. Bb2 b6 7. c4 cxd4 8. Nxd4
Bb7 9. Qc2 Nc6 10. N4f3 d5 11. Rd1 Rc8 12. Qb1 Qc7 13. cxd5 Nb4 14. Bc4 Nbxd5
15. O-O Rfd8 16. Rc1 Qb8 17. Ne4 b5 18. Nxf6+ Nxf6 19. Be2 Ng4 20. g3 Qa8 21.
Ne1 Be4 22. Nd3 Bxd3 23. Bxd3 Bxb2 24. Be4 Rxc1 25. Rxc1 1/2-1/2

[Event "XXVI Festival A"]
[Site "Arco ITA"]
[Date "2014.10.04"]
[Round "1"]
[White "Thonig, Manfred"]
[Black "Alkhaldi, Bader"]
[WhiteElo "1589"]
[BlackElo "1932"]
[Result "0-1"]
[PlyCount "87"]
[EventDate "2014.10.04"]

1. f4 d5 2. Nf3 c5 3. e3 Nf6 4. Bb5+ Nbd7 5. O-O e6 6. b3 Be7 7. Bb2 O-O 8. d4
a6 9. Bd3 b5 10. Ne5 Bb7 11. Nd2 c4 12. Be2 Rc8 13. c3 cxb3 14. axb3 Ne8 15.
Bg4 f5 16. Nxd7 Qxd7 17. Bh5 Nf6 18. Bf3 Rc7 19. b4 Ne8 20. Nb3 g5 21. Nc5 Bxc5
22. dxc5 gxf4 23. exf4 Kf7 24. Bh5+ Ke7 25. Bxe8 Qxe8 26. Qd4 Kd8 27. Qe5 Qc6
28. Rad1 d4 29. Rxd4+ Kc8 30. Rf2 Rg8 31. Rdd2 Rcg7 32. Qe2 Rg4 33. Bc1 h5 34.
h3 Rg3 35. Kh2 h4 36. Rc2 Qe8 37. Qf1 Qg6 38. Rce2 Rxh3+ 39. Kg1 Rg3 40. Re3
Rxg2+ 41. Rxg2 Bxg2 42. Qf2 Bd5+ 43. Kf1 h3 44. Rxh3 0-1

[Event "XXVI Festival A"]
[Site "Arco ITA"]
[Date "2014.10.04"]
[Round "1"]
[White "Valenti, Giuseppe"]
[Black "Donadi, Luca"]
[WhiteElo "2101"]
[BlackElo "1773"]
[Result "1-0"]
[PlyCount "75"]
[EventDate "2014.10.04"]

1. f4 d5 2. Nf3 c5 3. e3 Nc6 4. Be2 Nf6 5. b3 Bf5 6. Bb2 e6 7. O-O Be7 8. h3
O-O 9. d3 Qc7 10. Ne5 Rfd8 11. Nxc6 Qxc6 12. g4 Bg6 13. f5 exf5 14. gxf5 Qd7
15. fxg6 Qxh3 16. gxf7+ Kxf7 17. Rf3 Qh6 18. Qf1 Rd6 19. Qh3 Qxh3 20. Rxh3 Re8
21. Nd2 Re6 22. Rf1 Kg8 23. Rff3 Bd8 24. Bf1 Ra6 25. a3 Ba5 26. Nb1 Rae6 27.
Nc3 d4 28. exd4 cxd4 29. Nb5 Rc6 30. Nxd4 Bb6 31. Kh1 Bxd4 32. Bxd4 Rxc2 33.
Bxf6 gxf6 34. Rxf6 Rc3 35. d4 Rc1 36. Kg2 Kg7 37. Rf2 Rd1 38. Bc4 1-0

[Event "XXVI Festival A"]
[Site "Arco ITA"]
[Date "2014.10.04"]
[Round "1"]
[White "Weiland, Guenter"]
[Black "Russo, Carmelo"]
[WhiteElo "1953"]
[BlackElo "1659"]
[Result "1-0"]
[PlyCount "57"]
[EventDate "2014.10.04"]

1. Nf3 c5 2. c4 Nf6 3. Nc3 g6 4. g3 Bg7 5. d4 cxd4 6. Nxd4 Nc6 7. Bg2 O-O 8.
O-O Qb6 9. Nc2 d6 10. b3 Rb8 11. Bb2 Bd7 12. e4 Na5 13. Ne3 Qd8 14. Qe2 Nc6 15.
Rad1 Qc8 16. Ncd5 Bh3 17. Nxf6+ exf6 18. Rxd6 Bxg2 19. Kxg2 Qc7 20. Rfd1 Qe7
21. Ng4 Ne5 22. Ba3 Rfe8 23. Ra6 Qc7 24. Nxf6+ Bxf6 25. Rxf6 Qc8 26. Rfd6 b6
27. h3 Qb7 28. R6d5 f5 29. exf5 1-0

[Event "XXVI Festival A"]
[Site "Arco ITA"]
[Date "2014.10.05"]
[Round "2"]
[White "Al Hajiri, Bader"]
[Black "Sprea, Giuseppe"]
[WhiteElo "2130"]
[BlackElo "1938"]
[Result "1/2-1/2"]
[PlyCount "92"]
[EventDate "2014.10.04"]

1. e4 c5 2. Nf3 Nc6 3. d4 cxd4 4. Nxd4 e6 5. Nc3 Qc7 6. Be2 Nf6 7. O-O Nxd4 8.
Qxd4 Bc5 9. Qc4 a6 10. Be3 Bb6 11. Qxc7 Bxc7 12. Rfd1 d6 13. Bf4 Ke7 14. a4 b6
15. Bf3 Rb8 16. Rd2 h6 17. Rad1 e5 18. Bg3 Bb7 19. Be2 Rhd8 20. f3 Rd7 21. Bc4
Ra8 22. Nd5+ Bxd5 23. Bxd5 Nxd5 24. Rxd5 f6 25. c4 Rb8 26. b4 a5 27. bxa5 bxa5
28. Bf2 Rdd8 29. Rb5 Rdc8 30. Rdb1 Kd7 31. Ba7 Ra8 32. Rb7 Kc6 33. Kf1 g6 34.
R1b5 f5 35. Be3 fxe4 36. fxe4 Rcb8 37. Rxb8 Rxb8 38. Rxb8 Bxb8 39. Ke2 h5 40.
Kd3 Bc7 41. Bd2 Bd8 42. Bc1 Bh4 43. g3 Bd8 44. Be3 g5 45. h3 g4 46. h4 Bb6
1/2-1/2

[Event "XXVI Festival A"]
[Site "Arco ITA"]
[Date "2014.10.05"]
[Round "2"]
[White "Al Muneer, Muhammad"]
[Black "Moro, Roberto"]
[WhiteElo "1451"]
[BlackElo "1748"]
[Result "1/2-1/2"]
[PlyCount "62"]
[EventDate "2014.10.04"]

1. c4 e5 2. g3 Nf6 3. Bg2 d5 4. cxd5 Nxd5 5. Nc3 Nxc3 6. bxc3 Bd6 7. Bb2 O-O 8.
e3 Na6 9. d4 exd4 10. Qxd4 Bc5 11. Qd1 c6 12. Nf3 Be6 13. O-O Qe7 14. Qc2 Bc4
15. Rfd1 Rad8 16. a3 h6 17. Nd4 Bb6 18. Qe4 Qf6 19. Qf3 Qe5 20. Qf5 Bxd4 21.
Qg4 Bb6 22. Qxc4 Nc5 23. Qe2 Qe6 24. Rxd8 Rxd8 25. Rd1 Rxd1+ 26. Qxd1 Qb3 27.
Qxb3 Nxb3 28. c4 a5 29. Bf1 Nd2 30. Bd3 f6 31. Bc3 Nb3 1/2-1/2

[Event "XXVI Festival A"]
[Site "Arco ITA"]
[Date "2014.10.05"]
[Round "2"]
[White "Alkhaldi, Bader"]
[Black "Valenti, Giuseppe"]
[WhiteElo "1932"]
[BlackElo "2101"]
[Result "1/2-1/2"]
[PlyCount "108"]
[EventDate "2014.10.04"]

1. d4 Nf6 2. Nf3 e6 3. c4 c5 4. d5 exd5 5. cxd5 d6 6. Nc3 g6 7. h3 Bg7 8. Bf4
O-O 9. e3 a6 10. a4 Qe7 11. Be2 Nbd7 12. O-O Ne8 13. Qb3 f5 14. Rad1 Rb8 15.
Ng5 Ne5 16. Bxa6 h6 17. Ne6 Bxe6 18. dxe6 Nc7 19. Bc4 Nxc4 20. Qxc4 Rfd8 21.
Rd2 Qxe6 22. Qxe6+ Nxe6 23. Bxd6 Ra8 24. Rfd1 Kf7 25. Bg3 Rxd2 26. Rxd2 Bxc3
27. bxc3 Rxa4 28. Be5 Ke7 29. Rb2 b5 30. Rxb5 Ra7 31. g4 fxg4 32. hxg4 h5 33.
gxh5 gxh5 34. Kg2 Kf7 35. Bd6 Ra3 36. Be5 Kg6 37. e4 Ra4 38. Rb6 Rxe4 39. Rxe6+
Kf5 40. Rh6 Kxe5 41. Rxh5+ Kd6 42. Rh3 Kd5 43. Kf3 Re1 44. Kg2 Rc1 45. Re3 Kc4
46. f4 Rxc3 47. Rxc3+ Kxc3 48. f5 Kb2 49. f6 c4 50. f7 c3 51. f8=Q c2 52. Qb4+
Ka2 53. Qc3 Kb1 54. Qd3 Ka1 1/2-1/2

[Event "XXVI Festival A"]
[Site "Arco ITA"]
[Date "2014.10.05"]
[Round "2"]
[White "Altea, Alessandro"]
[Black "Naumkin, Igor"]
[WhiteElo "2063"]
[BlackElo "2442"]
[Result "0-1"]
[PlyCount "70"]
[EventDate "2014.10.04"]

1. e4 e6 2. d4 d5 3. e5 c5 4. c3 Nc6 5. Nf3 Qb6 6. Be2 cxd4 7. cxd4 Nh6 8. Bd3
Bd7 9. Bc2 Nb4 10. Ba4 Qa6 11. Bxd7+ Kxd7 12. Bxh6 Nd3+ 13. Kf1 Nxb2+ 14. Qe2
Qxe2+ 15. Kxe2 gxh6 16. Nbd2 Na4 17. Rhc1 Ba3 18. Rc2 Rhc8 19. Kd3 Nb2+ 20.
Rxb2 Bxb2 21. Rb1 Ba3 22. Rxb7+ Rc7 23. Rb3 Be7 24. Nb1 Rac8 25. Nfd2 Rc4 26.
Rb2 Rb4 27. Nb3 a5 28. a3 Rbb8 29. a4 Rb4 30. Nc3 Rbc4 31. Nb5 Rxa4 32. Nd6
Bxd6 33. exd6 Kxd6 34. Nc5 Rb4 35. Ra2 e5 0-1

[Event "XXVI Festival A"]
[Site "Arco ITA"]
[Date "2014.10.05"]
[Round "2"]
[White "Anguera Maestro, Jaime"]
[Black "Bruno, Fabio"]
[WhiteElo "2058"]
[BlackElo "2422"]
[Result "0-1"]
[PlyCount "116"]
[EventDate "2014.10.04"]

1. d4 d5 2. Nf3 Nf6 3. e3 c5 4. c3 Nbd7 5. Bd3 g6 6. O-O Bg7 7. Nbd2 O-O 8. h3
b6 9. Ne5 Bb7 10. Ndf3 Qc7 11. Bd2 Rad8 12. Be1 Ne4 13. Nxd7 Rxd7 14. Nd2 e5
15. Rc1 Rc8 16. dxe5 Qxe5 17. Bb5 Rd6 18. f4 Qe7 19. Nxe4 Qxe4 20. Qd3 Qe7 21.
Bf2 Rcd8 22. Rfe1 c4 23. Qd2 Bc8 24. Ba4 Bf5 25. Bc2 Be4 26. Rcd1 b5 27. a3 h5
28. Re2 Qe6 29. Qe1 Qf5 30. Bb1 R6d7 31. Red2 Bxb1 32. Rxb1 Re8 33. Rbd1 Bf8
34. Qe2 Bc5 35. Qf3 Re4 36. g4 hxg4 37. hxg4 Qe6 38. Re2 Re7 39. Rde1 f5 40. g5
d4 41. cxd4 Bxd4 42. Rd1 Bb6 43. Red2 Rxe3 44. Rd8+ Bxd8 45. Rxd8+ Kf7 46. Bxe3
Qxe3+ 47. Qxe3 Rxe3 48. Kf2 Rb3 49. Rd7+ Ke6 50. Rxa7 Kd5 51. Ra6 Ke4 52. Rxg6
Kxf4 53. Rg8 Rxb2+ 54. Ke1 Ra2 55. g6 Rxa3 56. Rb8 Rg3 57. Rxb5 Rxg6 58. Rc5
Re6+ 0-1

[Event "XXVI Festival A"]
[Site "Arco ITA"]
[Date "2014.10.05"]
[Round "2"]
[White "Antoniacci, Riccardo"]
[Black "Catalfamo, Santo"]
[WhiteElo "1844"]
[BlackElo "1696"]
[Result "1-0"]
[PlyCount "57"]
[EventDate "2014.10.04"]

1. e4 e5 2. f4 d6 3. Nf3 Nc6 4. Bc4 Be7 5. O-O h6 6. d4 exd4 7. Nxd4 Nxd4 8.
Qxd4 Bf6 9. Qe3 Ne7 10. e5 Nf5 11. Qb3 dxe5 12. Bxf7+ Ke7 13. Bg6 Qd4+ 14. Kh1
Be6 15. Qa3+ Qd6 16. fxe5 Bxe5 17. Bd2 Qxa3 18. Nxa3 Nd4 19. c3 Rhf8 20. Rae1
c6 21. Kg1 Rf6 22. Bd3 Rxf1+ 23. Bxf1 Bf6 24. Nc4 Rd8 25. Bf4 Nf5 26. Na5 Rd7
27. Bc4 Nd4 28. cxd4 Bxd4+ 29. Kf1 1-0